| 000 | 01056nam a2200361 4500 | ||
|---|---|---|---|
| 001 | 00079651 | ||
| 003 | DO-SdBM | ||
| 005 | 20250407130820.0 | ||
| 007 | 00079651 | ||
| 008 | 900809s1996 sp spa | ||
| 015 | _a | ||
| 016 | 7 |
_a _z _2BPMSU |
|
| 017 | _a | ||
| 020 | _a8422659077 | ||
| 040 |
_a _bspa _cBPMSU _e |
||
| 041 | 1 |
_aspa _h |
|
| 080 | 0 | _a | |
| 082 | 4 |
_a833.91 _bS625r 1996 _222 |
|
| 100 | 1 | _aSixt, Carola | |
| 245 | 1 | 3 |
_aEl rey pequeño y gordito / _cCarola Sixt ; traducción Lola Romero; ilustración Klaus Renner _h |
| 250 | _a | ||
| 260 |
_aMadrid : _bCírculo de Lectores, _c1996 |
||
| 300 |
_a114 p. : _bil., ; _c22 cm |
||
| 490 | 0 | _aEl barco de vapor | |
| 534 |
_pTítulo original : _tGeschichten vom Kleinen dicken kõnig. |
||
| 590 | _aInventariado, 2025/VM | ||
| 650 | 4 | _a Novela juvenil alemana. | |
| 650 | 4 |
_aTeoría política _vNovela juvenil _c |
|
| 700 | 1 |
_aRomero, Lola _etraductor _c |
|
| 700 | 1 |
_aRenner, Klaus _eilustración |
|
| 910 | _aVMateo V. Control de calidad. BPMSU | ||
| 942 |
_2ddc _cBK |
||
| 999 |
_c9649 _d9649 |
||